Score 0/14 Timer 02:00
0 Plays Today
Clue 3-Letter Word % Correct
2002 Winner Affleck•BEN•
97.8%
1985 Winner Gibson•MEL•
96.8%
1990 Winner Cruise•TOM•
96.8%
Burton the directorTIM
96.6%
2000 pounds or 1000 kgTON
96.4%
Ruby or diamond, e.g.GEM
95.4%
Band: 'She and ___'HIM
95.2%
Clue 3-Letter Word % Correct
The edge of a skirtHEM
94.8%
2004 Winner Jude•LAW•
92.2%
Not too manyFEW
91.9%
Good, in FrenchBON
91.3%
Set; come togetherGEL
89.2%
A swampFEN
85.3%
Author Wallace of 'Ben-Hur'LEW
83.5%
Remove Ads.
Support Sporcle.
Get the best of Sporcle when you Go Orange. This ad-free experience offers more features, more stats, and more fun while also helping to support Sporcle. Thank you for becoming a member.

You're not logged in!

Compare scores with friends on all Sporcle quizzes.
OR
Log In

Show Comments

Extras

Top Quizzes Today


Score Distribution

Your Account Isn't Verified!

In order to create a playlist on Sporcle, you need to verify the email address you used during registration. Go to your Sporcle Settings to finish the process.

Report this User

Report this user for behavior that violates our Community Guidelines.

Details: